000 00795nac a22003010a 4500
001 PT57182
003 AR-LpoUNG
005 20210201005547.0
008 201001s2012||||ag |||||||||||||||||spa d
020 _a9789870425007
_c$58,29
040 _aAR-LpoUNG
_bspa
_eaacr
041 _aspa
044 _aag
082 0 _aA863 712par1
100 1 _aBonelli, Florencia
245 1 0 _aParís 1
250 _a1ra. ed.
260 _aBuenos Aires :
_bAguilar : Altea : Taurus : Alfaguara,
_c2012.
300 _a224 p. :
_bgráfs., tbls.
_a(3
_fVolúmenes)
_3Impreso
490 0 _aCaballo de fuego
650 4 _aARGENTINA
650 4 _aLITERATURA
650 4 _aNOVELAS
651 4 _aDOCUMENTOS TEORICOS O METODOLOGICOS
653 _aLITERATURA ARGENTINA
905 _a57182
942 _cLIB
999 _c50228
_d50228